00497nam a2200169Ia 450000500170000000800410001702000150005808200130007310000190008624500300010526000250013530000130016050000360017394200060020995200970021599900150031220250613021040.0240331s9999 xx 000 0 und d a9559543504 bKARa307 aKarunaratne, W 0aSahabagithwa sanwardanaya bPeda Institutec1991 a137 p ., aIt Is participatory Development cL 001040708LaWERCLbWERCLcSSCd2024-03-31l0o 307.72 KARp915r2024-03-31w2024-03-31yL c2229d2229